[Event "Najdorf Memorial"]
[Site "Warsaw POL"]
[Date "2023.07.14"]
[Round "4.19"]
[White "Mulawa, Cyprian"]
[Black "Minald, Andrey"]
[Result "1/2-1/2"]
[WhiteElo "2202"]
[BlackElo "2091"]

1. d4 d5 2. c4 c6 3. Nf3 Nf6 4. Nbd2 g6 5. g3 Bg7 6. Bg2 O-O 7. O-O h6 8.
Ne5 Be6 9. cxd5 Nxd5 10. e4 Nb6 11. Ndf3 N8d7 12. Bf4 Nxe5 13. Bxe5 Bg4 14.
Qb3 Bxf3 15. Bxf3 Bxe5 16. dxe5 Qd7 17. Rad1 Qe6 18. Qxe6 fxe6 19. Bg4 Kf7
20. b3 Rad8 21. f4 a5 22. Be2 a4 23. b4 Rc8 24. Kf2 c5 25. bxc5 Rxc5 26.
Rb1 Rc6 27. Rb4 Nd7 28. Rxb7 Nc5 29. Rb4 Rd8 30. Ke3 Na6 31. Rc4 Rxc4 32.
Bxc4 Nb4 33. Rc1 a3 34. Bb3 h5 35. Ke2 h4 36. g4 Nd3 37. Rf1 Nc5 38. Bc4
Rd4 39. Rc1 Rxe4+ 40. Kf3 g5 41. fxg5 Rxe5 42. g6+ Kxg6 43. Rc3 Kg5 44.
Rxa3 Ne4 45. Rd3 Nd6 46. Bb3 Re4 47. h3 Rf4+ 48. Ke2 e5 49. Rc3 Nb5 50. Rc8
Nd4+ 51. Ke3 Rf3+ 52. Ke4 Rxh3 53. Rg8+ Kh6 54. g5+ Kh7 55. Bf7 Ra3 56.
Kxe5 Nf3+ 57. Kf4 Nd4 58. g6+ Kh6 59. Rh8+ Kg7 60. Rxh4 Kf6 61. Rh2 Nf5 62.
Re2 Ra4+ 63. Re4 Ra6 64. Bc4 Rc6 65. Bb5 Rc2 66. a4 Nd6 67. Rb4 e5+ 68. Ke3
Rc3+ 69. Kd2 Ra3 70. Bd7 e4 71. Bc6 e3+ 72. Ke2 Kxg6 73. Rd4 Nf5 74. Be4
Kf6 75. Bxf5 Kxf5 76. Rd3 Rxa4 77. Kxe3 Ke5 1/2-1/2

[Event "Najdorf Memorial"]
[Site "Warsaw POL"]
[Date "2023.07.14"]
[Round "4.20"]
[White "Markuszewski, Maksymilian"]
[Black "Mueller, Magnus"]
[Result "1-0"]
[WhiteElo "2039"]
[BlackElo "2201"]

1. d4 d5 2. c4 e6 3. Nf3 Nf6 4. Nc3 Nbd7 5. Bf4 dxc4 6. e3 b5 7. Nxb5 Bb4+
8. Nc3 Nd5 9. a3 Nxc3 10. Qd2 Ne2 11. axb4 Nxf4 12. exf4 Bb7 13. Be2 O-O
14. O-O Nb6 15. Rfd1 Qd6 16. Ne5 Rfb8 17. Ra5 f6 18. Nxc4 Nxc4 19. Bxc4
Bxg2 20. Kxg2 Qc6+ 21. d5 Qxc4 22. dxe6 Qe4+ 23. f3 Qxe6 24. Rd5 Re8 25.
Rd7 Rac8 26. Kg3 Re7 27. Rd5 f5 28. Re5 Qg6+ 29. Kf2 Qb6+ 30. Qd4 Rce8 31.
Rxf5 Qh6 32. Kg3 Qg6+ 33. Rg5 Qb6 34. Qxb6 axb6 35. Rdd5 Ra8 36. Rge5 Kf7
37. Rd2 Ra4 38. Re4 Kf6 39. Rdd4 Ra2 40. Rd2 Ra4 41. Rc2 Rxe4 42. fxe4 Rxb4
43. Rc6+ Kf7 44. Rxc7+ Kf6 45. e5+ Kg6 46. Rc2 Rb3+ 47. Kg4 h5+ 48. Kh4 Rb4
49. Kg3 Rb3+ 50. Kg2 Kf5 51. Re2 Ke6 52. f5+ Ke7 53. e6 Rb5 54. Rf2 Ra5 55.
Kg3 Kf6 56. Re2 Ra7 57. Kf4 Rc7 58. h4 Ke7 59. Kg5 Rc5 60. Rd2 1-0

[Event "Najdorf Memorial"]
[Site "Warsaw POL"]
[Date "2023.07.14"]
[Round "4.21"]
[White "Zalega, Maciej"]
[Black "Zheng, Harry Z"]
[Result "0-1"]
[WhiteElo "2182"]
[BlackElo "2063"]

1. e4 e5 2. Nf3 Nc6 3. Bc4 Bc5 4. c3 Nf6 5. d4 exd4 6. b4 Bb6 7. e5 Ne4 8.
O-O O-O 9. Re1 d5 10. exd6 Nxd6 11. Bg5 Qd7 12. Bd3 h6 13. b5 hxg5 14. bxc6
Qd8 15. Ne5 Qf6 16. cxb7 Nxb7 17. Be4 dxc3 18. Qc2 Nd6 19. Bxa8 Bf5 20. Qe2
c2 21. Bf3 Bd4 22. g4 Bxa1 23. Na3 Bxe5 24. gxf5 c1=Q 25. Rxc1 Bb2 26. Rxc7
Bxa3 27. Rxa7 Bc5 28. Ra5 Qd4 29. Qc2 Bb6 30. Rd5 Qb4 31. h3 Ne8 32. f6
Nxf6 33. Rxg5 Qf4 34. Rf5 Qh6 35. Kg2 Qg6+ 36. Kf1 Re8 37. h4 Qh6 38. Qc6
Re6 39. Qc8+ Kh7 40. Qc2 Kh8 41. Qc8+ Re8 42. Qc6 Qd2 43. Bg4 Qe1+ 44. Kg2
Qe4+ 45. Qxe4 Rxe4 46. Bd1 Rxh4 47. Bb3 0-1

[Event "Najdorf Memorial"]
[Site "Warsaw POL"]
[Date "2023.07.14"]
[Round "4.22"]
[White "Praczukowski, Stanislaw"]
[Black "Smietanska, Wiktoria"]
[Result "1/2-1/2"]
[WhiteElo "2147"]
[BlackElo "1964"]

1. d4 d5 2. c4 c6 3. Nf3 Nf6 4. Nbd2 e6 5. g3 Nbd7 6. Bg2 Bd6 7. O-O O-O 8.
Qc2 Qe7 9. Rd1 Bc7 10. b3 Rd8 11. Bb2 a5 12. a4 e5 13. cxd5 Nxd5 14. dxe5
Nxe5 15. Nxe5 Bxe5 16. Bxe5 Qxe5 17. Nc4 Qc7 18. Bxd5 Rxd5 19. Rxd5 cxd5
20. Ne3 Qxc2 21. Nxc2 Be6 22. Nd4 Rc8 23. Kf1 Kf8 24. Ke1 Ke7 25. Kd2 Kd6
26. f4 g6 27. Rf1 Bh3 28. Rc1 Rxc1 29. Kxc1 Kc5 30. e3 Kb4 31. Kb2 Bf1 32.
Nc2+ Kc5 33. Kc3 Bh3 34. Ne1 Bf5 35. Nf3 f6 36. Nd4 Bd7 37. Nf3 Bf5 38. Nd2
Be4 39. Nf1 Bg2 40. Nd2 Be4 41. h4 h5 42. Nf1 Bg2 43. Nd2 Be4 44. Nf1 Bg2
45. Nd2 Be4 1/2-1/2

[Event "Najdorf Memorial"]
[Site "Warsaw POL"]
[Date "2023.07.14"]
[Round "4.23"]
[White "Wojtaszewski, Piotr"]
[Black "Mirski, Stanislaw"]
[Result "1-0"]
[WhiteElo "1994"]
[BlackElo "2139"]

1. c4 e6 2. Nc3 d5 3. e3 Nf6 4. Nf3 Be7 5. d4 O-O 6. Bd3 c5 7. O-O Nc6 8.
b3 cxd4 9. exd4 dxc4 10. bxc4 b6 11. Bf4 g6 12. Bc2 Ba6 13. Nb5 Na5 14. Bd3
Bxb5 15. cxb5 Rc8 16. Qe2 Nd5 17. Bd2 Bb4 18. Bh6 Re8 19. Rac1 Nc3 20. Qe5
Bf8 21. Bxf8 Rxf8 22. Rc2 Qd7 23. h4 Nd5 24. Rxc8 Rxc8 25. h5 Qc7 26. Qg5
Qf4 27. h6 f6 28. Qxf4 Nxf4 29. Be4 Nc4 30. g3 Ne2+ 31. Kg2 Nd6 32. Bc6 Nc3
33. Bd7 Rc7 34. Bxe6+ Kf8 35. Ra1 Ncxb5 36. g4 g5 37. d5 Nf7 38. a4 Nbd6
39. Nd4 Nxh6 40. Rh1 Rc4 41. Nb5 Ndf7 42. d6 Re4 43. Nc7 Rd4 44. Nd5 Kg7
45. Rxh6 Nd8 46. Ne3 Rf4 47. Rh1 Nxe6 48. Rc1 Kg6 49. Rc7 Rd4 50. Rxa7 h5
51. gxh5+ Kxh5 52. Nf5 Rd5 53. Ng3+ Kg4 54. f3+ Kf4 55. Nh5+ Ke5 56. d7
Nf4+ 57. Nxf4 Kxf4 58. Rb7 Rd2+ 59. Kf1 Kxf3 60. Ke1 Rd4 61. Rxb6 f5 62.
Rb3+ Kf4 63. Rb4 Rxb4 64. d8=Q Re4+ 65. Kf2 g4 66. Qd6+ Kg5 67. a5 Rf4+ 68.
Qxf4+ 1-0

[Event "Najdorf Memorial"]
[Site "Warsaw POL"]
[Date "2023.07.14"]
[Round "4.24"]
[White "Podgorski, Maciej"]
[Black "Persson, Andreas"]
[Result "1-0"]
[WhiteElo "1960"]
[BlackElo "2135"]

1. e4 c6 2. d4 d5 3. e5 c5 4. Nf3 cxd4 5. Qxd4 Nc6 6. Qf4 e6 7. Bd3 Nb4 8.
O-O Bd7 9. Nc3 Nxd3 10. cxd3 Ne7 11. Re1 h6 12. h4 Nc6 13. a3 a6 14. b4 g6
15. Be3 Bg7 16. Bc5 Ne7 17. g4 b6 18. Be3 O-O 19. Rac1 Nc6 20. Qg3 f6 21.
g5 fxg5 22. hxg5 h5 23. d4 Ne7 24. Nh4 Kh7 25. Ne2 Nf5 26. Nxf5 Rxf5 27.
Qh4 Kg8 28. Ng3 Rf7 29. Qh3 Bf8 30. Qf1 Be7 31. f4 Bxg5 32. Qd3 Bh4 33. Kh2
Rg7 34. Rg1 Bb5 35. Qc2 Bc4 36. Nxh5 gxh5 37. Rxg7+ Kxg7 38. Rg1+ Kh8 39.
Qg6 Qe7 40. Kh3 Be2 41. Qh6+ Qh7 42. Qxh7+ Kxh7 43. Kxh4 Rc8 44. Re1 Bg4
45. Kg5 Rc3 46. a4 Kg7 47. b5 a5 48. f5 exf5 49. Bf4 Rc2 50. e6 Re2 51.
Be5+ Kf8 52. Rc1 Ke7 53. Rc6 f4 54. Bf6+ 1-0

[Event "Najdorf Memorial"]
[Site "Warsaw POL"]
[Date "2023.07.14"]
[Round "4.25"]
[White "Smetek, Michal"]
[Black "Szewczyk, Mariusz"]
[Result "1/2-1/2"]
[WhiteElo "1943"]
[BlackElo "2128"]

1. d4 Nf6 2. c4 e6 3. g3 d5 4. Nf3 Be7 5. Bg2 O-O 6. O-O dxc4 7. Qc2 b5 8.
a4 b4 9. Nfd2 c6 10. Nxc4 a5 11. Rd1 Bb7 12. Bg5 Nbd7 13. Nbd2 Nb6 14. Bxf6
Bxf6 15. Ne4 Nxc4 16. Qxc4 Ba6 17. Qc2 Be7 18. Nc5 Qd6 19. Rac1 Rfc8 20. f4
Qd8 21. e3 g6 22. b3 Qb6 23. Qe4 Rc7 24. Rc2 Bc8 25. Qf3 h5 26. Rdc1 Bb7
27. h3 Rd8 28. Kf2 Kg7 29. Nxb7 Qxb7 30. Rxc6 Rxc6 31. Qxc6 Qxc6 32. Rxc6
Rd7 33. Bf1 Bd8 34. Bc4 Kf8 35. g4 hxg4 36. hxg4 Ke7 37. Ke2 Ra7 38. Rc5
Rc7 39. Rb5 Rc6 40. Kd3 Rd6 41. Ke4 f5+ 42. Kd3 Bb6 43. Re5 Kd7 44. gxf5
gxf5 45. d5 Bc7 46. Rxe6 Rxe6 47. dxe6+ Ke7 48. Kd4 Kd6 49. e4 Bb6+ 50. Kd3
fxe4+ 51. Kxe4 Bf2 52. Kf5 Bh4 53. Bb5 Ke7 54. Ke5 Bg3 55. Bd7 Bh2 56. Bc8
Bg3 57. Ba6 Bh2 58. Be2 Bg3 59. Bg4 Bh2 60. Ke4 Bg3 61. f5 Kf6 62. Kd5 Bc7
63. Kc6 Bd8 64. Kd7 Be7 65. Kc7 Ke5 66. Bh3 Kf6 67. Kd7 Bf8 68. Bg4 Bc5 69.
Kc7 Be7 70. Bh3 Kg7 71. Kb6 Bd8+ 72. Kb5 Kf6 1/2-1/2

[Event "Najdorf Memorial"]
[Site "Warsaw POL"]
[Date "2023.07.14"]
[Round "4.26"]
[White "Dalkowski, Rafal"]
[Black "Lisowski, Krzysztof"]
[Result "0-1"]
[WhiteElo "2025"]
[BlackElo "2128"]

1. d4 Nf6 2. c4 e6 3. Nf3 d5 4. Nc3 Bb4 5. Bg5 h6 6. Bxf6 Qxf6 7. e3 O-O 8.
Qb3 c5 9. dxc5 Bxc3+ 10. Qxc3 Qxc3+ 11. bxc3 dxc4 12. Bxc4 Nd7 13. c6 bxc6
14. Ke2 Nb6 15. Bd3 Na4 16. Rhc1 Rb8 17. Rab1 Rxb1 18. Bxb1 Rd8 19. Be4
Ba6+ 20. c4 Nb2 21. Nd2 c5 22. Rc2 Rb8 23. Bc6 Rb4 24. a3 Rb6 25. Be4 Kf8
26. Bd3 Ke7 27. Ne4 Na4 28. Nc3 Nb2 29. Ne4 Na4 30. Nc3 Nxc3+ 31. Rxc3 Rb2+
32. Bc2 f5 33. Kd2 Bb7 34. f3 g5 35. Rb3 Rxb3 36. Bxb3 h5 37. Bd1 h4 38.
Kd3 Kf6 39. Be2 Ke5 40. Bd1 Bc6 41. Bb3 h3 42. g3 Bxf3 43. Ba4 Be4+ 44. Ke2
Kd6 45. Be8 Bc6 46. Bf7 Ke7 47. Bh5 Kf6 48. Kd2 g4 49. Ke2 e5 50. Kf2 Bd7
51. e4 f4 52. Kg1 Be6 0-1

[Event "Najdorf Memorial"]
[Site "Warsaw POL"]
[Date "2023.07.14"]
[Round "4.27"]
[White "Zaninotto, Franco"]
[Black "Gorkiewicz, Mateusz"]
[Result "0-1"]
[WhiteElo "2026"]
[BlackElo "2122"]

1. e4 e5 2. Nf3 Nc6 3. Bb5 a6 4. Ba4 Bc5 5. c3 Nge7 6. Nxe5 Nxe5 7. d4 Ba7
8. dxe5 Ng6 9. Qe2 Nxe5 10. Be3 Bxe3 11. Qxe3 O-O 12. Nd2 d6 13. O-O f5 14.
f4 Ng4 15. Qf3 c6 16. Bb3+ Kh8 17. h3 fxe4 18. Nxe4 Nf6 19. Rae1 d5 20.
Nxf6 Qxf6 21. g4 Bd7 22. Kh2 Rae8 23. Kg3 Qd6 24. Rxe8 Rxe8 25. Kg2 d4 26.
cxd4 Qxd4 27. Qf2 Re3 28. Rd1 Qe4+ 29. Kg1 Rxh3 0-1

[Event "Najdorf Memorial"]
[Site "Warsaw POL"]
[Date "2023.07.14"]
[Round "4.28"]
[White "Babiarz, Arkadiusz"]
[Black "Bazilius, Augustinas"]
[Result "1/2-1/2"]
[WhiteElo "1976"]
[BlackElo "2110"]

1. e4 c5 2. Nf3 e6 3. d4 cxd4 4. Nxd4 a6 5. c4 Qc7 6. Nc3 Nf6 7. a3 b6 8.
Be3 Bb7 9. Bd3 d6 10. O-O Nbd7 11. Rc1 Be7 12. f3 O-O 13. Qe1 Rfe8 14. Qf2
Rac8 15. Rfd1 Qb8 16. Bf1 h5 17. b4 Bd8 18. Nb3 Bc7 19. g3 Qa8 20. Na4 d5
21. exd5 exd5 22. c5 bxc5 23. Naxc5 Nxc5 24. bxc5 d4 25. Nxd4 Bxf3 26. Qxf3
Qxf3 27. Nxf3 Rxe3 28. Bxa6 Ra8 29. Rd3 Rxf3 30. Rxf3 Rxa6 31. c6 Kf8 32.
Kg2 Ke7 33. Rd3 Ra5 34. Re1+ Kf8 35. Rc1 h4 36. gxh4 Nd5 37. Rb3 Ke7 38.
Rc4 Kd6 39. Kf3 f5 40. h5 Ne7 41. Rd3+ Rd5 42. Rxd5+ Kxd5 43. Rh4 Ng8 44.
a4 Nh6 45. Rb4 Kxc6 46. Rc4+ Kd7 47. Rc5 Bxh2 48. a5 Bg1 49. Rc1 Ba7 50.
Kf4 Ke8 51. a6 Bf2 52. Rc7 Kf8 53. a7 Bxa7 54. Rxa7 Kg8 55. Kg5 Kh7 56. Rb7
Ng8 57. Ra7 Nh6 58. Ra8 Ng4 59. Kxf5 Nf6 60. Kg5 Ne4+ 61. Kh4 Nf6 62. Ra5
Kh6 63. Rf5 Kh7 64. Kg3 Kh6 65. Kh4 Kh7 66. Rb5 Kh6 67. Ra5 g6 68. hxg6
Kxg6 69. Rb5 Nd7 70. Kg4 Kf6 71. Kf4 Ke6 72. Ke4 Nf6+ 73. Kd4 Nd7 74. Ra5
Nf6 75. Re5+ Kd6 76. Re1 Nd7 77. Ra1 Kc6 78. Ra6+ Nb6 79. Ke5 Kc5 80. Ra5+
Kb4 81. Ra7 Kc5 82. Rc7+ Kb5 83. Kd4 Na4 84. Rc1 Nb6 85. Rc5+ Kb4 86. Rh5
Nc4 87. Rh1 Na3 88. Rc1 Nb5+ 89. Kd3 Na3 90. Ra1 Kb3 91. Rxa3+ Kxa3 1/2-1/2

[Event "Najdorf Memorial"]
[Site "Warsaw POL"]
[Date "2023.07.14"]
[Round "4.29"]
[White "Slomczewski, Michal"]
[Black "Zhuk, Ivan"]
[Result "0-1"]
[WhiteElo "2101"]
[BlackElo "2017"]

1. e4 c5 2. Nf3 d6 3. d4 cxd4 4. Nxd4 Nf6 5. Nc3 a6 6. Bg5 e6 7. Qf3 Be7 8.
g4 Qc7 9. O-O-O Nc6 10. Be2 Nxd4 11. Rxd4 b5 12. Rhd1 O-O 13. Qg3 Bb7 14.
f3 e5 15. Bxf6 Bxf6 16. Rxd6 b4 17. Rd7 Qc5 18. g5 Bd8 19. Qg1 Qxg1 20.
Rxg1 Bc8 21. Rxd8 Rxd8 22. Nd5 a5 23. c4 bxc3 24. bxc3 Be6 25. c4 Bxd5 26.
exd5 Kf8 27. Bd3 Ke7 28. f4 exf4 29. Rf1 Kd6 30. Rxf4 Ra7 31. Kd2 Re8 32.
h4 Rb7 33. Kc3 Kc5 34. Rf5 Re3 35. d6+ Kxd6 36. Rxa5 Rh3 37. Kd4 Rxh4+ 38.
Be4 Rd7 39. Re5 f6 40. gxf6 gxf6 41. Rd5+ Kc7 42. Ke3 Re7 43. Rc5+ Kb6 44.
Rc6+ Ka7 0-1

[Event "Najdorf Memorial"]
[Site "Warsaw POL"]
[Date "2023.07.14"]
[Round "4.30"]
[White "Majek, Kacper"]
[Black "Taranowicz, Michal"]
[Result "0-1"]
[WhiteElo "2090"]
[BlackElo "2005"]

1. e4 d6 2. d4 Nf6 3. Nc3 g6 4. Be3 a6 5. h3 b5 6. e5 Nfd7 7. Qf3 c6 8. Qg3
Nb6 9. Bd3 b4 10. Ne4 Bf5 11. exd6 Bxe4 12. Bxe4 Qxd6 13. Qf3 Nd5 14. Bd2
Bg7 15. Ne2 Nd7 16. O-O O-O 17. a3 a5 18. c4 bxc3 19. bxc3 e5 20. Bc2 Rab8
21. c4 Ne7 22. c5 Nxc5 23. Rfd1 Nd7 24. Qg3 Qc7 25. Rac1 Qa7 26. Bg5 Rfe8
27. dxe5 Nxe5 28. Be4 Rb2 29. Be3 Qb8 30. Nd4 f5 31. Bc2 Kh8 32. Ne6 Bf6
33. Bd4 Rb5 34. Nc5 Nd5 35. f4 Nd7 36. Nxd7 Bxd4+ 37. Rxd4 Qa7 38. Qd3 Nxf4
39. Qc4 Ne2+ 40. Kh1 Qxd4 41. Qf7 Qe3 42. Qf6+ Kg8 43. Rd1 Rd5 44. Qa1
Rxd1+ 45. Qxd1 Qd4 46. Bd3 Kg7 47. Nc5 Ng3+ 48. Kh2 Qxc5 49. Kxg3 Re3+ 50.
Kh2 Qd6+ 0-1

[Event "Najdorf Memorial"]
[Site "Warsaw POL"]
[Date "2023.07.14"]
[Round "4.31"]
[White "Majocha, Piotr"]
[Black "Flaata, Alexander R."]
[Result "1-0"]
[WhiteElo "1979"]
[BlackElo "2068"]

1. c4 g6 2. Nf3 Bg7 3. d4 c5 4. e4 Qa5+ 5. Nc3 d6 6. h3 Nf6 7. Bd3 O-O 8.
O-O cxd4 9. Nxd4 Nc6 10. Be3 a6 11. Qd2 Nxd4 12. Bxd4 Be6 13. Be3 Rfc8 14.
b4 Qxb4 15. Rab1 Qa5 16. Bb6 Qh5 17. Nd5 Nxd5 18. cxd5 Bxh3 19. gxh3 Qxh3
20. Qe3 Qg4+ 21. Qg3 Qxg3+ 22. fxg3 Rc3 23. Rfd1 Be5 24. Kf2 Rac8 25. Rb3
Rxb3 26. axb3 Rc3 27. b4 Rb3 28. b5 axb5 29. g4 h5 30. gxh5 gxh5 31. Ke3 h4
32. Bd4 Bg3 33. Rb1 Rxb1 34. Bxb1 h3 35. Kf3 h2 36. Kg2 b4 37. Bc2 e6 38.
Bb3 e5 39. Bb6 Kf8 40. Ba5 Ke7 41. Bxb4 f5 42. exf5 e4 43. Bc3 e3 44. Bc4
Kf7 45. Bd4 Bf4 46. Bd3 Kf8 47. Bc3 Kf7 48. Be4 Kf8 49. Kf1 Kf7 50. Ke2 b5
51. Bd4 b4 52. Bxe3 Be5 53. Kd2 b3 54. Kc1 b2+ 55. Kb1 Kf6 56. Bd2 Kf7 57.
Bb4 Kf6 58. Ba3 Kg5 59. Bxb2 Kf4 60. Bh1 Kxf5 61. Kc2 Bg3 62. Kd3 Bf4 63.
Ke2 Kg4 64. Bd4 Bg3 65. Ke3 Bf4+ 66. Ke4 Bg5 67. Be3 Be7 68. Bf4 Kh3 69.
Kf5 Bf8 70. Ke6 1-0

[Event "Najdorf Memorial"]
[Site "Warsaw POL"]
[Date "2023.07.14"]
[Round "4.32"]
[White "Niezhentsev, Kyrylo"]
[Black "Jedrusik, Adam"]
[Result "1-0"]
[WhiteElo "2057"]
[BlackElo "1970"]

1. e4 c6 2. d4 d5 3. e5 Bf5 4. c4 e6 5. Nc3 Ne7 6. h3 dxc4 7. Bxc4 Nd7 8.
Nf3 Nb6 9. Bd3 Bxd3 10. Qxd3 Nf5 11. O-O Be7 12. Rd1 h5 13. Ne4 Nd5 14.
Neg5 Qd7 15. Qe4 Bxg5 16. Bxg5 f6 17. Bd2 O-O-O 18. a4 Rhg8 19. b4 Kb8 20.
b5 Ka8 21. bxc6 Qxc6 22. a5 Qa6 23. Re1 Rge8 24. Rac1 g5 25. exf6 Nxf6 26.
Qe5 g4 27. Ng5 Nd7 28. Qc7 Nxd4 29. Nf7 Nb5 30. Qxd8+ Rxd8 31. Nxd8 Qd6 32.
Be3 Nb8 33. Red1 Qe7 34. Rc8 Qe8 35. Bf4 e5 36. a6 bxa6 37. Bxe5 Qxe5 38.
Nc6 Qf4 39. g3 Qc7 40. Rxc7 Nxc7 41. Rd8 Kb7 42. Nxb8 a5 43. Nd7 Ne6 44.
Re8 Ng5 45. hxg4 hxg4 46. Ne5 1-0

[Event "Najdorf Memorial"]
[Site "Warsaw POL"]
[Date "2023.07.14"]
[Round "4.33"]
[White "Lasota, Adam"]
[Black "Budzisz, Adrian"]
[Result "1-0"]
[WhiteElo "1927"]
[BlackElo "2037"]

1. d4 Nf6 2. Bf4 d5 3. e3 c5 4. c3 Nc6 5. Nd2 Bf5 6. Ngf3 Qb6 7. Nh4 Be4 8.
f3 Bg6 9. Nxg6 hxg6 10. Qb3 c4 11. Qc2 Nh5 12. h4 Nxf4 13. exf4 Qc7 14. Kf2
Qxf4 15. g3 Qc7 16. f4 e6 17. Nf3 Bd6 18. Bh3 Ne7 19. Rhe1 Ng8 20. Bxe6
fxe6 21. Qxg6+ Kd7 22. Qxe6+ Kc6 23. Ne5+ Kb6 24. Qxd5 Rc8 25. Nf7 Rh6 26.
Nxh6 Nxh6 27. Re6 Rd8 28. b4 cxb3 29. c4 a6 30. c5+ Ka7 31. Rxd6 Ng4+ 32.
Kf3 b2 33. Rb1 Nh2+ 34. Kg2 Ng4 35. Qf3 Rxd6 36. Qxg4 Rxd4 37. Rxb2 Qxc5
38. Qf3 b5 39. Re2 Qd6 40. Qe3 Qd5+ 41. Kh3 Qh1+ 42. Kg4 Qd1 43. Qf3 Rd7
44. Kh3 Qb1 45. Qe3+ Kb7 46. Qe4+ Qxe4 47. Rxe4 Kb6 48. a4 bxa4 49. Rxa4
Kb5 50. Ra1 a5 51. h5 a4 52. Kg4 Kb4 53. Kg5 a3 54. h6 gxh6+ 55. Kxh6 Rf7
56. Kg6 Rf8 57. Kg7 Rf5 58. Rf1 a2 59. g4 Ra5 60. Ra1 Kc3 61. f5 Kb2 62.
Rxa2+ Kxa2 63. Kg6 Kb3 64. f6 Kc4 65. f7 Ra8 66. g5 Kd5 67. Kf6 Ke4 68. g6
Ra6+ 69. Kg7 Ra7 70. Kg8 1-0

[Event "Najdorf Memorial"]
[Site "Warsaw POL"]
[Date "2023.07.14"]
[Round "4.34"]
[White "Orzechowski, Jacek"]
[Black "Kazmierowski, Tymon"]
[Result "0-1"]
[WhiteElo "2105"]
[BlackElo "1993"]

1. c4 e5 2. Nc3 Nf6 3. g3 Nc6 4. Bg2 Bc5 5. e3 O-O 6. Nge2 Re8 7. d3 d6 8.
O-O Bb6 9. h3 Be6 10. Nd5 Bxd5 11. cxd5 Ne7 12. Qb3 c6 13. dxc6 bxc6 14. d4
e4 15. Nc3 d5 16. Bd2 h5 17. h4 Bc7 18. Ne2 Qd7 19. Rac1 Rab8 20. Qc2 Qg4
21. Rfe1 g5 22. hxg5 Qxg5 23. Nf4 h4 24. Nh3 Qg4 25. Rf1 Nh7 26. gxh4 Qxh4
27. f4 Kh8 28. Be1 Qg4 29. Kh1 Rg8 30. Qf2 Rg6 31. Rg1 Rh6 32. Qf1 Rxb2 0-1

[Event "Najdorf Memorial"]
[Site "Warsaw POL"]
[Date "2023.07.14"]
[Round "4.35"]
[White "Biesiadecki, Adam"]
[Black "Adamski, Jan"]
[Result "1/2-1/2"]
[WhiteElo "2015"]
[BlackElo "2099"]

1. Nf3 Nf6 2. c4 e6 3. g3 a6 4. Bg2 b5 5. Qc2 Bb7 6. O-O c5 7. d3 Be7 8.
Nbd2 O-O 9. e4 d6 10. Re1 Nc6 11. a3 Nd7 12. Nf1 Bf6 13. Bf4 Nde5 14. Bxe5
Nxe5 15. Rad1 Nxf3+ 16. Bxf3 Bd4 17. Nd2 Rb8 18. Nb3 Be5 19. cxb5 axb5 20.
d4 cxd4 21. Nxd4 Qb6 22. Qd2 Rfc8 23. Re3 Rc4 24. Rd3 b4 25. Qe3 bxa3 26.
bxa3 Ra8 27. Rb3 Bxd4 28. Rxb6 Bxe3 29. Rxb7 Bc5 30. Rdb1 g6 31. R1b2 Rc3
32. Kg2 Rcxa3 33. e5 dxe5 34. Rc7 Bd4 35. Rbb7 Rf8 36. Bg4 Ra2 37. Bxe6
Rxf2+ 38. Kh3 h5 39. Bd5 Kg7 40. g4 hxg4+ 41. Kxg4 Rf4+ 42. Kg3 Rf6 43. Rd7
Rf4 44. Rbc7 Bf2+ 45. Kg2 Bd4 46. Rb7 g5 47. Rbc7 e4 48. Re7 e3 49. Bc4 Bb6
50. Rc6 Rb8 51. Kg3 Bd4 52. Rcc7 Rf8 53. h4 Bf6 54. Rxf7+ Rxf7 55. Rxf7+
Kg6 56. h5+ Kh6 57. Bd3 Bg7 58. Rxf4 gxf4+ 59. Kxf4 1/2-1/2

[Event "Najdorf Memorial"]
[Site "Warsaw POL"]
[Date "2023.07.14"]
[Round "4.36"]
[White "Kondys, Piotr"]
[Black "Lecki, Leonard"]
[Result "1-0"]
[WhiteElo "2063"]
[BlackElo "1995"]

1. Nf3 c5 2. b3 Nf6 3. Bb2 e6 4. c4 Nc6 5. g3 d5 6. cxd5 exd5 7. Bg2 Bg4 8.
O-O Be7 9. d4 O-O 10. dxc5 Bxc5 11. Nc3 a6 12. h3 Bf5 13. g4 Be6 14. Na4
Ba7 15. Rc1 h5 16. gxh5 Ne4 17. e3 Qd7 18. Nc3 Nxc3 19. Bxc3 Bxh3 20. Bxh3
Qxh3 21. Qxd5 Qg4+ 22. Kh1 Rad8 23. Nh2 Rxd5 24. Nxg4 Rxh5+ 25. Kg2 Rg5 26.
Kf3 f5 27. Nh2 Bb8 28. Rg1 Rxg1 29. Rxg1 Bxh2 30. Rxg7+ Kh8 31. Rg3+ Kh7
32. Rh3+ Kg6 33. Rxh2 Rd8 34. Rg2+ Kh6 35. Kf4 Rd5 36. Rh2+ Kg6 37. Rg2+
Kh6 38. Bg7+ Kh7 39. Bf6 b5 40. Kg5 Kg8 41. Kg6 Kf8 42. Rg5 Rd2 43. Rxf5
Rxa2 44. Rc5 Ne7+ 45. Bxe7+ Kxe7 46. f4 b4 47. Re5+ Kd6 48. Re4 a5 49. f5
Kd5 50. Re8 Rg2+ 51. Kf6 Rg4 52. Re5+ Kd6 53. Rxa5 Re4 54. Ra6+ Kd7 55. Re6
Rh4 56. Ke5 Rh5 57. Rb6 Rh3 58. Kd4 Rf3 59. Ke4 Rh3 60. Kd3 Rf3 61. Rb5 Kc6
62. Ke2 Rh3 63. Rxb4 Kd5 64. Rf4 Rh7 65. f6 Rf7 66. Kd3 1-0

[Event "Najdorf Memorial"]
[Site "Warsaw POL"]
[Date "2023.07.14"]
[Round "4.37"]
[White "Rasmussen, Jonas H"]
[Black "Dylong, Antoni"]
[Result "1/2-1/2"]
[WhiteElo "1970"]
[BlackElo "2039"]

1. d4 Nf6 2. Nf3 e6 3. c3 d5 4. Bf4 Bd6 5. Bg3 O-O 6. e3 c5 7. Bd3 Nc6 8.
O-O b6 9. Nbd2 Bb7 10. Ne5 Ne7 11. Ng4 Ne4 12. Bh4 f6 13. f3 Nxd2 14. Qxd2
h5 15. Nf2 Qc7 16. f4 Nf5 17. Bxf5 exf5 18. Nd3 c4 19. Ne1 Qe7 20. Nf3 Kf7
21. Ne5+ Bxe5 22. fxe5 g5 23. Bg3 Kg6 24. exf6 Rxf6 25. h4 Re6 26. Qf2 Rf8
27. hxg5 Qxg5 28. Rae1 Kh7 29. Qf4 Qxf4 30. Bxf4 Rg6 31. Rf3 Rg4 32. Rh3
Kg6 33. Kf2 Rh8 34. Reh1 Rh7 35. g3 Bc6 36. Ke2 Be8 37. Kd2 Ba4 38. Rb1 Rb7
39. b3 Bb5 40. a4 Ba6 41. b4 b5 42. a5 Rh7 43. Rbh1 Bc8 44. Rh4 a6 45. Ke2
Be6 46. Kf3 Bc8 47. Kf2 Be6 48. Kf3 1/2-1/2

[Event "Najdorf Memorial"]
[Site "Warsaw POL"]
[Date "2023.07.14"]
[Round "4.38"]
[White "Saveljevs, Aleksandrs"]
[Black "Dmochowska, Agnieszka"]
[Result "0-1"]
[WhiteElo "2028"]
[BlackElo "1977"]

1. e4 c5 2. Nc3 Nc6 3. Bb5 Nd4 4. Nf3 e6 5. O-O a6 6. Bd3 Nc6 7. b3 d6 8.
Bb2 e5 9. a4 g6 10. Bc4 Bg7 11. Nd5 Nge7 12. c3 O-O 13. Ne3 Na5 14. Be2 f5
15. exf5 gxf5 16. b4 cxb4 17. cxb4 Nac6 18. d4 e4 19. Qb3+ d5 20. Ne5 f4
21. N3g4 Nf5 22. Nxc6 bxc6 23. Ne5 Qg5 24. Kh1 Nxd4 25. Bxd4 Bxe5 26. Qc3
Bxd4 27. Qxd4 Rf6 28. Rg1 Rh6 29. Bf1 Rxh2+ 30. Kxh2 Qh4# 0-1

[Event "Najdorf Memorial"]
[Site "Warsaw POL"]
[Date "2023.07.14"]
[Round "4.39"]
[White "Czerwonski, Aleksander"]
[Black "Hetzer, Volkhard"]
[Result "1-0"]
[WhiteElo "2326"]
[BlackElo "1952"]

1. d4 d5 2. c4 e6 3. Nf3 c5 4. cxd5 exd5 5. Nc3 Nc6 6. g3 Nf6 7. Bg2 Be7 8.
dxc5 Bxc5 9. Bg5 Be6 10. O-O O-O 11. Bxf6 Qxf6 12. Nxd5 Qxb2 13. Nc7 Rad8
14. Qc1 Qxc1 15. Raxc1 b6 16. Nxe6 fxe6 17. e3 h6 18. Rfd1 Nb4 19. Rxd8
Rxd8 20. Bh3 Rd6 21. Rc4 Nxa2 22. Ra4 Nb4 23. Rxa7 Nc6 24. Rc7 Kh7 25. Bf1
Nb4 26. h4 Rd1 27. Kg2 Nd5 28. Rb7 Nf6 29. Bc4 Rd6 30. Ne5 Kg8 31. Rb8+ Kh7
32. Bd3+ g6 33. Bxg6+ Kg7 34. Rb7+ Kg8 35. h5 Rd5 36. Bf7+ 1-0

[Event "Najdorf Memorial"]
[Site "Warsaw POL"]
[Date "2023.07.14"]
[Round "4.40"]
[White "Wadelek, Karol"]
[Black "Sanz Losada, Victoriano"]
[Result "1-0"]
[WhiteElo "1943"]
[BlackElo "2092"]

1. e4 c5 2. c3 Nf6 3. e5 Nd5 4. d4 e6 5. Nf3 Nc6 6. c4 Nb6 7. d5 Ne7 8. d6
Ng6 9. Nc3 Rb8 10. Be3 Na8 11. Bxc5 b6 12. Bd4 Bb7 13. Bd3 f6 14. O-O f5
15. g3 Rg8 16. Re1 Nh8 17. Nh4 g6 18. Qc2 Nf7 19. f4 g5 20. fxg5 Qxg5 21.
Nxf5 exf5 22. Bxf5 Bg7 23. Nd5 Kd8 24. Rad1 Re8 25. Ne7 Rxe7 26. dxe7+ Kxe7
27. Be3 Qh5 28. Rxd7+ Kf8 29. Rf1 Nxe5 30. Bg4+ 1-0

[Event "Najdorf Memorial"]
[Site "Warsaw POL"]
[Date "2023.07.15"]
[Round "5.1"]
[White "Kazakouski, Valery"]
[Black "Sieciechowicz, Marcin"]
[Result "1/2-1/2"]
[WhiteElo "2539"]
[BlackElo "2395"]

1. c4 c6 2. Nf3 d5 3. g3 Nf6 4. Bg2 g6 5. b3 Bg7 6. Bb2 O-O 7. O-O Re8 8.
d4 Bf5 9. Nbd2 Ne4 10. Rc1 Nxd2 11. Nxd2 Na6 12. h3 Qd7 13. Kh2 Rad8 14.
cxd5 cxd5 15. Nf3 Be4 16. Qd2 Bxf3 17. Bxf3 Nb8 18. Ba3 e6 19. Rc2 Rc8 20.
Rfc1 Rxc2 21. Rxc2 Rc8 22. Rxc8+ Qxc8 23. e4 dxe4 24. Bxe4 Nc6 25. d5 exd5
26. Qxd5 Qd8 27. Kg2 Qxd5 28. Bxd5 Bf8 29. Bc1 Bc5 30. a3 a5 31. Kf3 Kf8
32. Ke2 Ke7 33. f3 f5 34. Bxc6 bxc6 35. Kd3 Ke6 36. Kc4 Bd6 37. g4 fxg4 38.
fxg4 h5 39. Bb2 hxg4 40. hxg4 Kd7 41. a4 Kc7 42. Bf6 Bf8 43. Kd3 Ba3 44.
Ke4 Bb4 45. Kd3 Ba3 46. Bc3 Kb6 47. Ke4 Bd6 48. Bd2 Bc7 49. Be3+ Kb7 50.
Bf4 Bd8 51. Bd6 Bf6 52. Be5 Bd8 53. Kf4 Kb6 54. Bc3 c5 55. Ke5 Kc6 56. Ke6
c4 57. bxc4 Kc5 58. Bf6 Bb6 59. Kf7 Kxc4 60. Kxg6 Kb3 61. Kf5 Be3 62. Bg5
Bxg5 63. Kxg5 Kxa4 64. Kf4 Kb5 65. g5 1/2-1/2